Guess the YUNGBLUD song with no hints #1 - Statistics

General Stats
  • This quiz has been taken 31 times
  • The average score is 184 of 363
Answer Stats
Answer % Correct
I
96%
I-I-I-I,
96%
I-I-I-I
96%
I-I-I-I-I-I-I
96%
a
87%
ya,
83%
you
83%
he
78%
an
74%
and
74%
My
74%
my
74%
are
70%
be
70%
me
70%
the
70%
The
70%
was
70%
If
65%
parents
65%
Hi,
61%
to
61%
when
61%
in
57%
they
57%
They
57%
always
52%
go
52%
I'm
52%
So
52%
so
52%
Because
48%
born
48%
But
48%
cause
48%
Cause
48%
dead
48%
friend
48%
head
48%
I'll
48%
it
48%
of
48%
out
48%
people
48%
right
48%
Then
48%
then
48%
up
48%
went
48%
with
48%
ain't
43%
all
43%
best
43%
boy,
43%
for
43%
get
43%
him
43%
kiss
43%
know
43%
put
43%
these
43%
time
43%
way
43%
would
43%
about
39%
age
39%
bought
39%
brush
39%
car,
39%
century
39%
dad
39%
fucked
39%
getting
39%
gonna
39%
got
39%
gun
39%
her
39%
high
39%
High
39%
low
39%
never
39%
old
39%
Said,
39%
shoot
39%
teeth
39%
that
39%
we'll
39%
Yeah,
39%
alright,
35%
Blah
35%
favourite
35%
garden
35%
hopes
35%
It's
35%
it's
35%
meet
35%
think
35%
tried,
35%
wish
35%
you're
35%
alone
30%
bleach
30%
daddy
30%
had
30%
Had
30%
mum
30%
nice
30%
raspberry
30%
See
30%
sixteen
30%
sweets
30%
tied
30%
used
30%
bath,
26%
cavities
26%
erection
26%
feeling
26%
flavoured
26%
hard
26%
laugh
26%
locked
26%
messed-up
26%
nothing
26%
rejection
26%
shed
26%
son
26%
survive
26%
tape
26%
toaster
26%
told
26%
amphetamines
22%
away
22%
believe
22%
casual
22%
cheerleader
22%
clock
22%
leave
22%
male
22%
sexual
22%
stop
22%
teacher
22%
thousand
22%
through
22%
Tick,
22%
tock,
22%
watch
22%
affection
17%
Beretta,
17%
breathing
17%
Drop
17%
infection
17%
leads
17%
let
17%
preacher
17%
stops
17%
volts
17%
wash
17%
shot
13%
sins
13%
gaffer
4%
No matching quizzes found
Score Distribution
Percent of People with Each Score
Percentile by Number Answered
Your Score History
You have not taken this quiz